| 000 | 00666nam a2200277Ia 4500 | ||
|---|---|---|---|
| 008 | 171025s9999 xx 000 0 und d | ||
| 020 | _a9780753717714 | ||
| 050 | _a910.2 | ||
| 050 | _bB368 2009 | ||
| 100 | _aBeare, Emma | ||
| 245 | _a501 must-be-there events / | ||
| 245 | _cby Emma Beare. | ||
| 260 | _aGreat Britain : | ||
| 260 | _bBounty Books, | ||
| 260 | _c2009 | ||
| 300 | _a544 pages : | ||
| 300 | _bcolored illustrations ; | ||
| 300 | _c23cm. | ||
| 500 | _aIncludes index. | ||
| 650 | _aSpecial events -- | ||
| 650 | _aSpecial events. | ||
| 650 | _aTravel -- | ||
| 650 | _xGuidebooks. | ||
| 650 | _xGuidebooks. | ||
| 700 | _aTitle. | ||
| 999 |
_c344784 _d344784 |
||